Agent to the stars: (Record no. 1528)

MARC details
000 -LEADER
fixed length control field 00524nam a22001937a 4500
005 - DATE AND TIME OF LATEST TRANSACTION
control field 20241218090902.0
008 - FIXED-LENGTH DATA ELEMENTS--GENERAL INFORMATION
fixed length control field 241218b |||||||| |||| 00| 0 eng d
020 ## - INTERNATIONAL STANDARD BOOK NUMBER
International Standard Book Number 9781529089868
040 ## - CATALOGING SOURCE
Original cataloging agency KMU
Transcribing agency KMU
Modifying agency KMU
Description conventions rda
050 ## - LIBRARY OF CONGRESS CALL NUMBER
Classification number PS3619.C335 A54
100 ## - MAIN ENTRY--PERSONAL NAME
Personal name Scalzi John
245 ## - TITLE STATEMENT
Title Agent to the stars:
Remainder of title Thorough enjoyabble SF site/
Statement of responsibility, etc. John Scalzi
260 ## - PUBLICATION, DISTRIBUTION, ETC.
Place of publication, distribution, etc. London:
Name of publisher, distributor, etc. Tom Doherty Asociates,LLC:
Date of publication, distribution, etc. 2005.
300 ## - PHYSICAL DESCRIPTION
Extent 367 P.:
Dimensions 19cm.
650 ## - SUBJECT ADDED ENTRY--TOPICAL TERM
Topical term or geographic name entry element Agent
650 ## - SUBJECT ADDED ENTRY--TOPICAL TERM
Topical term or geographic name entry element Stars
650 ## - SUBJECT ADDED ENTRY--TOPICAL TERM
Topical term or geographic name entry element Mystery
942 ## - ADDED ENTRY ELEMENTS (KOHA)
Source of classification or shelving scheme Library of Congress Classification
Koha item type Fiction
Suppress in OPAC No
Holdings
Withdrawn status Lost status Source of classification or shelving scheme Damaged status Not for loan Collection Home library Current library Shelving location Date acquired Total Checkouts Full call number Barcode Date last seen Price effective from Koha item type Date last checked out
    Library of Congress Classification     Fiction Kapasa Makasa University Kapasa Makasa University Open Access 18.12.2024   PS3619.C335 A54 Sca 300912 18.12.2024 18.12.2024 Fiction  
    Library of Congress Classification     Fiction Kapasa Makasa University Kapasa Makasa University Open Access 18.12.2024 1 PS3619.C335 A54 Sca 300913 10.07.2025 18.12.2024 Fiction 25.06.2025